000 00706nam a2200265 i 4500
001 C2-0251814
003 PPAK
005 20180727215122.0
008 031008s1991 nyu |||| ||||| | eng d
020 _a0671730509
040 _aPPAK
_beng
_cPPAK
_erda
082 0 4 _a823
_223
090 0 0 _a823
_bKEE
_dK
100 1 _aKeene, Carolyn,
_eauthor
245 1 4 _aThe mystery of the jade tiger
264 1 _aNew York :
_bPocket Books ,
_c1991
300 _a149 pages ;
_c20 cm
336 _2rdacontent
_atext
337 _2rdamedia
_aunmediated
338 _2rdacarrier
_avolume
490 1 _aNancy Drew (104)
650 1 0 _aChildren's stories, English
830 0 _aNancy Drew (104)
942 _ddc
_cB
999 _c64921
_d64921